000 01267nam a2200229Ia 4500
001 L230-6237
003 IT-CnALBA
008 170116s9999||||xx |||||||||||||| ||und||
040 _aIT-CnALBA
_cIT-CnALBA
041 _aITALIANO
100 _aMESSORI VITTORIO
245 0 _aLA SFIDA DELLA FEDE, FUORI E DENTRO LA CHIESA: LA CRONACA IN PROSPETTIVA CRISTIANA.
250 _a1a ed.
260 _aCINISELLO BALSAMO (MI)
_bEDIZIONI PAOLINE
_c1993 [1° Ed.:1993 - Ed.Ling.Originale: 1993]
300 _a532 p. (prefazione: 9)
500 _aINDICE ONOMASTICO. PREFAZIONE DI LEO MOULIN. SFIDA DELLA FEDE. MESSA POPOLARE. CONVERSIONI. CAPOLAVORI. BAMBINI. PASCAL. PENSIERI. MORALE LAICA. GESÙ. PECCATO NATALE. SUPERSTIZIONI. PRIMO LEVI. KUNG. PROGRESSO. DONNE SANTE. TEOLOGIA. SOLA SCRIPTURA. LO SC
501 _aSocietà San Paolo EM - Piazza San Paolo, 14 - 12051 ALBA (CN) (non commercial uses only) ® Copyright 2017
520 _aINDICE ONOMASTICO. PREFAZIONE DI LEO MOULIN. SFIDA DELLA FEDE. MESSA POPOLARE. CONVERSIONI. CAPOLAVORI. BAMBINI. PASCAL. PENSIERI. MORALE LAICA. GESÙ. PECCATO NATALE. SUPERSTIZIONI. PRIMO LEVI. KUNG. PROGRESSO. DONNE SANTE. TEOLOGIA. SOLA SCRIPTURA. LO SC
650 _aDOGMATICA CRISTIANA
942 _cBK
957 _71
999 _a7213
_bNO
_g Copie: 1
_c265419
_d265419